Effective editing: (Record no. 141913)

MARC details
000 -LEADER
fixed length control field 00614nam a22001817a 4500
005 - DATE AND TIME OF LATEST TRANSACTION
control field 20170623105630.0
010 ## - LCCN (DPL NO)
LC control number ENG-118903
020 ## - INTERNATIONAL STANDARD BOOK NUMBER
International Standard Book Number 9788183822688
Terms of availability 125.00
035 ## - SYSTEM CONTROL NUMBER
System control number EN-102435
037 ## - SOURCE OF ACQUISITION
Source of stock number/acquisition DBAD/PUB
082 ## - DEWEY DECIMAL CLASSIFICATION NUMBER
Classification number 808.042
100 ## - MAIN ENTRY--PERSONAL NAME
Personal name Sinha, Rashmi
245 ## - TITLE STATEMENT
Title Effective editing:
Remainder of title Help yourself in becoming a good editor /
Statement of responsibility, etc by Rashmi Sinha
260 ## - PUBLICATION, DISTRIBUTION, ETC. (IMPRINT)
Place of publication, distribution, etc New Delhi
Name of publisher, distributor, etc Lotus Press Publishers
Date of publication, distribution, etc 2012
270 ## - ADDRESS
Address Unit No, 220, Second Floor, 4735/22,Prakash Deep Nuilding, Ansari Road, Daryaganj New Delhi-110002
300 ## - PHYSICAL DESCRIPTION
Extent 213p
Dimensions 22cm.(pbk)
942 ## - ADDED ENTRY ELEMENTS (KOHA)
Source of classification or shelving scheme Dewey Decimal Classification
Item type English Books
Classification part 808.042
Call number suffix SIN
Holdings
Withdrawn status Lost status Not for loan Collection code Home library Current library Date acquired Source of acquisition Cost, normal purchase price Full call number Barcode Copy number Cost, replacement price Koha item type
      Non-fiction Patel Nagar Patel Nagar 23/06/2017 DBAD/PUB 125.00 808.042 SIN EN-102435 1 125.00 English Books

© Delhi Public Library
Hit Counter
free hit counter